000 00256nam a2200097Ia 4500
001 644744
005 20250826153610.0
008 250824s9999 xx 000 0 und d
245 0 _aDOĞANIN BİR YILI TEMMUZ
_cRUTH SYMONS
260 _bTÜBİTAK POPÜLER BİLİM
999 _c644744
_d644744